[Event "CZE-chT2B 1213"]
[Site "Czech Republic"]
[Date "2013.03.24"]
[Round "11.2"]
[White "Srejber, Michal"]
[Black "Mikes, Jan"]
[Result "0-1"]
[WhiteElo "2161"]
[BlackElo "2102"]
[PlyCount "112"]
[EventDate "2012.10.14"]
[EventType "team-tourn"]
[EventRounds "11"]
[EventCountry "CZE"]
[SourceTitle "EXT 2015"]
[Source "ChessBase"]
[SourceDate "2014.11.20"]
[SourceVersion "1"]
[SourceVersionDate "2014.11.20"]
[SourceQuality "1"]
[WhiteTeam "Horice"]
[BlackTeam "Usti nad Labem"]
[WhiteTeamCountry "CZE"]
[BlackTeamCountry "CZE"]

1. e4 c5 2. Nf3 d6 3. d4 cxd4 4. Nxd4 Nf6 5. Nc3 a6 6. Bc4 e6 7. Bb3 b5 8. 0-0 Bb7 9. Re1 Nbd7 10. Bxe6 fxe6 11. Nxe6 Qc8 12. Nd5 Kf7 13. Ndc7 Rb8 14. b4 Be7 15. Qf3 Ne5 16. Qg3 g6 17. f4 Nc4 18. e5 Ne4 19. Qh3 d5 20. c3 Bc6 21. Qh6 Bf8 22. Qh4 Bd7 23. Nxf8 Qxc7 24. Rxe4 Rbxf8 25. Rd4 Qc6 26. Bd2 Rc8 27. e6+ Bxe6 28. Re1 Rce8 29. f5 Bxf5 30. Rxe8 Kxe8 31. Bg5 Kd7 32. Rd1 h5 33. Qf2 Nd6 34. Qd4 Re8 35. Qg7+ Kc8 36. h3 Ne4 37. Bf4 Nf6 38. Kh2 Re2 39. Qf8+ Ne8 40. Rg1 Re4 41. Rf1 Bd7 42. Qh6 Qe6 43. Rf2 Kb7 44. Bg3 Nc7 45. a3 Re3 46. Qg7 Ne8 47. Qh7 Nd6 48. Rf8 Re2 49. Kg1 Ne4 50. Rb8+ Kc6 51. Rc8+ Kb6 52. Rb8+ Ka7 53. Qh8 Rxg2+ 54. Kf1 Qf5+ 55. Ke1 Rg1+ 56. Ke2 Nxg3+ 0-1

[Event "CZE-chT2B 1213"]
[Site "Czech Republic"]
[Date "2013.02.17"]
[Round "9.2"]
[White "Srejber, Michal"]
[Black "Mozny, Milos"]
[Result "0-1"]
[WhiteElo "2161"]
[BlackElo "2329"]
[PlyCount "88"]
[EventDate "2012.10.14"]
[EventType "team-tourn"]
[EventRounds "11"]
[EventCountry "CZE"]
[SourceTitle "EXT 2015"]
[Source "ChessBase"]
[SourceDate "2014.11.20"]
[SourceVersion "1"]
[SourceVersionDate "2014.11.20"]
[SourceQuality "1"]
[WhiteTeam "Horice"]
[BlackTeam "Turnov Zikuda II"]
[WhiteTeamCountry "CZE"]
[BlackTeamCountry "CZE"]

1. e4 c5 2. Nf3 e6 3. d4 cxd4 4. Nxd4 d6 5. Bc4 a6 6. Nc3 Nf6 7. Bb3 b5 8. 0-0 Bb7 9. Re1 Nc6 10. a3 Be7 11. Be3 0-0 12. f4 Nxd4 13. Bxd4 Rc8 14. Qf3 Nd7 15. Rad1 Bf6 16. Qe3 e5 17. fxe5 Nxe5 18. Rf1 Qe7 19. Bd5 Bg5 20. Qg3 Bh4 21. Qh3 Bg5 22. Rf5 Nc6 23. Qg3 Nxd4 24. Qxg5 Nxf5 25. Qxe7 Nxe7 26. Bxb7 Rc7 27. Bxa6 f5 28. Bxb5 fxe4 29. Rxd6 Nf5 30. Rd5 Re7 31. h3 h5 32. a4 e3 33. a5 Ng3 34. Bc4 Kh7 35. Bd3+ Kh8 36. Ne2 Nxe2+ 37. Bxe2 g6 38. a6 Rf2 39. Rd8+ Kg7 40. Bc4 Rxc2 41. Bd3 Rd2 42. Ra8 Rxd3 43. a7 Rd1+ 44. Kh2 Ra1 0-1

[Event "CZE-chT2B 1213"]
[Site "Czech Republic"]
[Date "2012.11.18"]
[Round "3.2"]
[White "Srejber, Michal"]
[Black "Stursa, Jan"]
[Result "0-1"]
[WhiteElo "2161"]
[BlackElo "2135"]
[PlyCount "68"]
[EventDate "2012.10.14"]
[EventType "team-tourn"]
[EventRounds "11"]
[EventCountry "CZE"]
[SourceTitle "EXT 2015"]
[Source "ChessBase"]
[SourceDate "2014.11.20"]
[SourceVersion "1"]
[SourceVersionDate "2014.11.20"]
[SourceQuality "1"]
[WhiteTeam "Horice"]
[BlackTeam "Kralupy nad Vltavou"]
[WhiteTeamCountry "CZE"]
[BlackTeamCountry "CZE"]

1. e4 c5 2. Nf3 e6 3. d4 cxd4 4. Nxd4 a6 5. Bd3 Bc5 6. Nb3 Be7 7. Qg4 g6 8. Nc3 d6 9. f4 Qc7 10. Be3 b6 11. 0-0 Bb7 12. f5 Nf6 13. Qh3 gxf5 14. Nd2 Nbd7 15. exf5 e5 16. Nce4 Rg8 17. c4 0-0-0 18. g3 Rg4 19. Nf2 h5 20. Rfc1 Rg7 21. a4 Rdg8 22. a5 h4 23. axb6 Qc6 24. Nde4 hxg3 25. hxg3 Nxe4 26. Bxe4 Rxg3+ 27. Kh2 Rxh3+ 28. Kxh3 Qxe4 29. Nxe4 Bxe4 30. Rxa6 Bxf5+ 31. Kh2 Be4 32. b4 f5 33. Rca1 f4 34. Ra7 Rh8+ 0-1

[Event "Nachod op"]
[Site "Nachod"]
[Date "2012.07.05"]
[Round "6"]
[White "Malaniuk, Vladimir P"]
[Black "Srejber, Michal"]
[Result "1-0"]
[WhiteElo "2519"]
[BlackElo "2187"]
[PlyCount "89"]
[EventDate "2012.06.30"]
[EventType "swiss"]
[EventRounds "9"]
[EventCountry "CZE"]
[SourceTitle "CBM 149 Extra"]
[Source "ChessBase"]
[SourceDate "2012.08.24"]
[SourceVersion "1"]
[SourceVersionDate "2012.08.24"]
[SourceQuality "1"]

1. d4 Nf6 2. Nf3 c5 3. d5 e6 4. c4 b5 5. Bg5 Qb6 6. Qc2 exd5 7. Bxf6 Qxf6 8. cxd5 d6 9. e4 a6 10. a4 b4 11. Nbd2 Bg4 12. Ng1 Nd7 13. f3 Bh5 14. h4 h6 15. g4 Bg6 16. Ne2 Ne5 17. g5 Qd8 18. f4 Nd7 19. Bh3 Be7 20. Ng3 Qc7 21. b3 Bh7 22. a5 0-0-0 23. Nc4 Kb7 24. 0-0-0 hxg5 25. hxg5 f6 26. g6 Bxg6 27. Be6 Rxh1 28. Rxh1 Nf8 29. Nb6 Nxe6 30. dxe6 d5 31. Nf5 Qxf4+ 32. Kb1 d4 33. Qd3 Qe5 34. Rg1 Bxf5 35. exf5 Rh8 36. Nc4 Qf4 37. Rxg7 Rh1+ 38. Ka2 Rh2+ 39. Nb2 Qd6 40. Qf3+ Ka7 41. Kb1 Rh8 42. Nc4 Qc7 43. Nb6 Re8 44. Nd5 Qb7 45. Nxe7 1-0

[Event "Nachod op"]
[Site "Nachod"]
[Date "2012.07.01"]
[Round "2"]
[White "Koci, Ladislav"]
[Black "Srejber, Michal"]
[Result "0-1"]
[WhiteElo "1937"]
[BlackElo "2187"]
[PlyCount "104"]
[EventDate "2012.06.30"]
[EventType "swiss"]
[EventRounds "9"]
[EventCountry "CZE"]
[SourceTitle "CBM 149 Extra"]
[Source "ChessBase"]
[SourceDate "2012.08.24"]
[SourceVersion "1"]
[SourceVersionDate "2012.08.24"]
[SourceQuality "1"]

1. d4 Nf6 2. Nf3 c5 3. c4 cxd4 4. Nxd4 g6 5. g3 Bg7 6. Bg2 Qa5+ 7. Qd2 Qc5 8. Na3 Ng4 9. e3 Nc6 10. h3 Nge5 11. b3 Nb4 12. 0-0 Nbd3 13. Nac2 Nxc1 14. Raxc1 0-0 15. Qb4 d6 16. Rfd1 Rb8 17. f4 Nd7 18. Qxc5 dxc5 19. Nb5 a6 20. Na7 Nf6 21. Nxc8 Rfxc8 22. Rd3 b5 23. Na3 Nh5 24. g4 Bb2 25. Rcd1 Nf6 26. Nc2 bxc4 27. bxc4 e6 28. g5 Nh5 29. Rd7 Ng3 30. Bb7 Rf8 31. Kf2 Nf5 32. Bxa6 Ra8 33. Rb1 Rfb8 34. Rb7 Rxb7 35. Bxb7 Rxa2 36. Be4 Nd6 37. Bd3 Kg7 38. Kf3 h6 39. h4 h5 40. e4 Kf8 41. Ne3 Ra3 42. Ke2 Bd4 43. e5 Ne4 44. Rb8+ Kg7 45. Nc2 Ng3+ 46. Kd2 Ra2 47. Rb7 Bf2 48. Rb3 Nf5 49. Bxf5 gxf5 50. Rh3 Kg6 51. Rh2 Bg3 52. Rh3 Bxf4+ 0-1

[Event "CZE-chT2C 1112"]
[Site "Czech Republic"]
[Date "2012.03.25"]
[Round "10.2"]
[White "Sindler, Michal"]
[Black "Srejber, Michal"]
[Result "0-1"]
[WhiteElo "2195"]
[BlackElo "2157"]
[PlyCount "69"]
[EventDate "2011.10.09"]
[EventType "team-tourn"]
[EventRounds "11"]
[EventCountry "CZE"]
[SourceTitle "EXT 2013"]
[Source "ChessBase"]
[SourceDate "2012.11.22"]
[SourceVersion "1"]
[SourceVersionDate "2012.11.22"]
[SourceQuality "1"]
[WhiteTeam "Ricany"]
[BlackTeam "Horice"]
[WhiteTeamCountry "CZE"]
[BlackTeamCountry "CZE"]

1. e4 c5 2. Nf3 Nc6 3. Bb5 d6 4. 0-0 Bg4 5. h3 Bh5 6. Re1 e6 7. c3 Qa5 8. Qa4 Qxa4 9. Bxa4 Bxf3 10. gxf3 0-0-0 11. d3 g6 12. Kg2 Bg7 13. Bg5 Bf6 14. Be3 Nge7 15. Nd2 a6 16. Bc2 g5 17. f4 h6 18. Rg1 Ng6 19. Kf3 gxf4 20. Bxf4 Nxf4 21. Kxf4 Bg5+ 22. Rxg5 hxg5+ 23. Kg3 Ne5 24. Rh1 Rdg8 25. d4 cxd4 26. cxd4 Nc6 27. Nb3 Nb4 28. Bb1 Rh4 29. Nd2 Nc6 30. Nf3 Rhh8 31. Rc1 Kd7 32. a3 Ne7 33. e5 Nf5+ 34. Kg2 g4 35. Rc7+ 0-1

[Event "CZE-chT2C 1112"]
[Site "Czech Republic"]
[Date "2012.02.05"]
[Round "7.3"]
[White "Petr, Jan"]
[Black "Srejber, Michal"]
[Result "1/2-1/2"]
[WhiteElo "2203"]
[BlackElo "2157"]
[PlyCount "42"]
[EventDate "2011.10.09"]
[EventType "team-tourn"]
[EventRounds "11"]
[EventCountry "CZE"]
[SourceTitle "EXT 2013"]
[Source "ChessBase"]
[SourceDate "2012.11.22"]
[SourceVersion "1"]
[SourceVersionDate "2012.11.22"]
[SourceQuality "1"]
[WhiteTeam "Pankrac II"]
[BlackTeam "Horice"]
[WhiteTeamCountry "CZE"]
[BlackTeamCountry "CZE"]

1. c4 c5 2. Nc3 Nc6 3. Nf3 g6 4. g3 Bg7 5. Bg2 e5 6. d3 Nge7 7. 0-0 0-0 8. Rb1 d6 9. a3 a5 10. Bd2 f5 11. Qc1 Kh8 12. Bg5 Be6 13. Nd5 Rb8 14. b4 axb4 15. Nxe7 Nxe7 16. axb4 b6 17. bxc5 dxc5 18. Qe3 e4 19. dxe4 Bxc4 20. exf5 Nxf5 21. Qc1 Nd4 1/2-1/2

[Event "CZE-chT2C 1112"]
[Site "Czech Republic"]
[Date "2012.01.22"]
[Round "6.2"]
[White "Simek, Petr1111"]
[Black "Srejber, Michal"]
[Result "1-0"]
[WhiteElo "2277"]
[BlackElo "2157"]
[PlyCount "83"]
[EventDate "2011.10.09"]
[EventType "team-tourn"]
[EventRounds "11"]
[EventCountry "CZE"]
[SourceTitle "EXT 2013"]
[Source "ChessBase"]
[SourceDate "2012.11.22"]
[SourceVersion "1"]
[SourceVersionDate "2012.11.22"]
[SourceQuality "1"]
[WhiteTeam "Kobylisy"]
[BlackTeam "Horice"]
[WhiteTeamCountry "CZE"]
[BlackTeamCountry "CZE"]

1. g3 c5 2. Bg2 Nf6 3. e4 Nc6 4. Ne2 e5 5. c4 d6 6. d3 Be6 7. h3 Qd7 8. Nbc3 Be7 9. Be3 h6 10. f4 g6 11. Qd2 Nd4 12. g4 Rg8 13. 0-0-0 h5 14. g5 Nh7 15. Rdf1 0-0-0 16. Rf2 f5 17. h4 Kb8 18. Nd5 Rdf8 19. Ng3 Bd8 20. exf5 Nxf5 21. Nxf5 Bxf5 22. fxe5 dxe5 23. Bxc5 Re8 24. Qe3 b6 25. Bb4 Re6 26. Rhf1 b5 27. Be4 bxc4 28. dxc4 Qc6 29. b3 Bb6 30. Nxb6 Bxe4 31. Nd7+ Ka8 32. Nc5 Bf5 33. Nxe6 Qxe6 34. Rd2 Rc8 35. Rfd1 Nf8 36. Rd8 Qa6 37. Qxe5 Ne6 38. Qd5+ Kb8 39. Bd6+ Nc7 40. Qc5 Qxa2 41. Qxc7+ Ka8 42. Qc6# 1-0

[Event "Nachod op 9th"]
[Site "Nachod"]
[Date "2011.07.07"]
[Round "6.21"]
[White "Neubauer, Vilem"]
[Black "Srejber, Michal"]
[Result "0-1"]
[WhiteElo "1906"]
[BlackElo "2158"]
[PlyCount "100"]
[EventDate "2011.07.02"]
[EventType "swiss"]
[EventRounds "9"]
[EventCountry "CZE"]
[SourceTitle "EXT 2012"]
[Source "ChessBase"]
[SourceDate "2011.11.24"]
[SourceVersion "1"]
[SourceVersionDate "2011.11.24"]
[SourceQuality "1"]

1. f4 c5 2. g3 Nc6 3. Nf3 Nf6 4. Bg2 d6 5. d3 e6 6. e4 Qc7 7. 0-0 Be7 8. Nc3 a6 9. a4 b6 10. Kh1 Bb7 11. Be3 Ng4 12. Qe2 Nxe3 13. Qxe3 Bf6 14. Rab1 h6 15. Ne2 0-0 16. c3 b5 17. axb5 axb5 18. g4 e5 19. f5 Qe7 20. Qf2 g6 21. fxg6 fxg6 22. Qe3 Kh7 23. h3 b4 24. c4 Ra2 25. Qf2 Bc8 26. Qg3 Nd4 27. Neg1 Bg7 28. Qe1 Qa7 29. Nxd4 Rxf1 30. Qxf1 exd4 31. Qd1 Bd7 32. Nf3 Ba4 33. Qc1 Bb3 34. g5 h5 35. Nd2 Ba4 36. Bf3 Qe7 37. h4 Qe5 38. Nf1 Qe6 39. Kg2 Be5 40. Be2 Bd7 41. Kf2 Qh3 42. Bf3 Qxh4+ 43. Ke2 Bf4 44. Qe1 Qxg5 45. Qf2 Ba4 46. Ke1 h4 47. Be2 Bc2 48. Rd1 Bxd1 49. Bxd1 Bg3 50. Nxg3 Qxg3 0-1

[Event "CZE-chT2D 1011"]
[Site "Czech Republic"]
[Date "2011.03.27"]
[Round "10"]
[White "Kulovana, Eva"]
[Black "Srejber, Michal"]
[Result "1-0"]
[WhiteElo "2359"]
[BlackElo "2145"]
[PlyCount "85"]
[EventDate "2010.10.17"]
[EventType "team-tourn"]
[EventRounds "11"]
[EventCountry "CZE"]
[SourceTitle "EXT 2012"]
[Source "ChessBase"]
[SourceDate "2011.11.24"]
[SourceVersion "1"]
[SourceVersionDate "2011.11.24"]
[SourceQuality "1"]
[WhiteTeam "Trebic Caissa"]
[BlackTeam "Vysoke Myto"]
[WhiteTeamCountry "CZE"]
[BlackTeamCountry "CZE"]

1. e4 c5 2. Nf3 d6 3. Bb5+ Nc6 4. 0-0 Bd7 5. Re1 e5 6. c3 Nge7 7. d4 a6 8. Ba4 b5 9. Bc2 Ng6 10. Be3 Be7 11. Nbd2 0-0 12. Nf1 Bg4 13. d5 Na5 14. h3 Bxf3 15. Qxf3 Bg5 16. b3 Nb7 17. g3 a5 18. a4 b4 19. c4 f6 20. Bd1 Qe7 21. h4 Bxe3 22. Nxe3 Nd8 23. h5 Nh8 24. Nf5 Qc7 25. Qg4 Re8 26. Ra2 Kf8 27. f4 Qd7 28. Rh2 Ra7 29. Qh4 exf4 30. gxf4 Rb7 31. Rg2 Ra7 32. Nxg7 Qxg7 33. Rxg7 Rxg7+ 34. Kf2 Rf7 35. Bf3 h6 36. Rg1 Nb7 37. Bg4 Rxe4 38. Be6 f5 39. Qg3 Nd8 40. Qg8+ Ke7 41. Qxh8 Rxf4+ 42. Ke3 Re4+ 43. Kf3 1-0

[Event "Kouty nad Desnou op-A"]
[Site "Kouty nad Desnou"]
[Date "2010.03.10"]
[Round "6"]
[White "Hosek, Martin"]
[Black "Srejber, Michal"]
[Result "0-1"]
[WhiteElo "1935"]
[BlackElo "2114"]
[PlyCount "90"]
[EventDate "2010.03.06"]
[EventType "swiss"]
[EventRounds "9"]
[EventCountry "CZE"]
[SourceTitle "CBM 135 Extra"]
[Source "ChessBase"]
[SourceDate "2010.05.04"]
[SourceVersion "1"]
[SourceVersionDate "2010.05.04"]
[SourceQuality "1"]

1. d4 Nf6 2. c4 c5 3. d5 b5 4. Qc2 bxc4 5. e4 g6 6. Bxc4 d6 7. f4 Nbd7 8. Nf3 Nb6 9. 0-0 Bg7 10. Rd1 0-0 11. Bf1 e6 12. Nc3 exd5 13. exd5 Rb8 14. Be3 Bf5 15. Qd2 Ng4 16. Re1 Re8 17. Rad1 Na8 18. Bf2 Nxf2 19. Qxf2 Bg4 20. Rxe8+ Qxe8 21. Rd2 Nc7 22. h3 Bd7 23. Qe2 Qd8 24. Qd1 Bxc3 25. bxc3 Qf6 26. Re2 Qxf4 27. Re7 Rd8 28. Qb3 Qf6 29. Re1 Bxh3 30. Qb7 Ne8 31. Bb5 Ng7 32. Qe7 Qxe7 33. Rxe7 a6 34. Bxa6 Nf5 35. Ra7 Bg4 36. Ng5 h6 37. Ne4 Kg7 38. Nf2 h5 39. Bd3 Ne3 40. c4 Kf6 41. Ne4+ Ke5 42. Nd2 Kd4 43. Bf1 Nxf1 44. Kxf1 Rd7 45. Ra8 Kd3 0-1

[Event "Kouty nad Desnou op-A"]
[Site "Kouty nad Desnou"]
[Date "2010.03.09"]
[Round "5"]
[White "Fusek, Lukas"]
[Black "Srejber, Michal"]
[Result "1/2-1/2"]
[WhiteElo "1833"]
[BlackElo "2114"]
[PlyCount "105"]
[EventDate "2010.03.06"]
[EventType "swiss"]
[EventRounds "9"]
[EventCountry "CZE"]
[SourceTitle "CBM 135 Extra"]
[Source "ChessBase"]
[SourceDate "2010.05.04"]
[SourceVersion "1"]
[SourceVersionDate "2010.05.04"]
[SourceQuality "1"]

1. e4 c5 2. c3 Nf6 3. e5 Nd5 4. d4 cxd4 5. Nf3 Nc6 6. cxd4 d6 7. Bc4 Nc7 8. 0-0 d5 9. Bb3 Bg4 10. Be3 e6 11. Nbd2 Be7 12. Rc1 0-0 13. a3 f5 14. exf6 Bxf6 15. Qc2 Rc8 16. Ba4 Ne7 17. Ng5 Nf5 18. Ngf3 Nxe3 19. fxe3 Bf5 20. Qd1 Ne8 21. Rxc8 Qxc8 22. Qc1 Nd6 23. Bb3 b5 24. Ba2 Nc4 25. Nxc4 bxc4 26. Bb1 Qb8 27. Bxf5 exf5 28. Qc3 g6 29. Qa5 Qb7 30. Rc1 Rf7 31. Rc2 Kg7 32. Kf2 Re7 33. Re2 Re6 34. Qc3 Qc7 35. b3 f4 36. bxc4 fxe3+ 37. Rxe3 Rxe3 38. Kxe3 dxc4 39. h3 h5 40. Ne5 Kh6 41. Nxc4 Qg3+ 42. Kd2 Qxg2+ 43. Ke1 Qg1+ 44. Ke2 Bxd4 45. Qd2+ Kh7 46. Qd3 Qg2+ 47. Kd1 Bg7 48. Nd2 Qf2 49. Nf3 Bf6 50. Qd7+ Bg7 51. Ng5+ Kh6 52. Nf7+ Kh7 53. Ng5+ 1/2-1/2

[Event "Kouty nad Desnou op-A"]
[Site "Kouty nad Desnou"]
[Date "2010.03.08"]
[Round "4"]
[White "Srejber, Michal"]
[Black "Maly, Marek"]
[Result "1/2-1/2"]
[WhiteElo "2114"]
[BlackElo "1849"]
[PlyCount "177"]
[EventDate "2010.03.06"]
[EventType "swiss"]
[EventRounds "9"]
[EventCountry "CZE"]
[SourceTitle "CBM 135 Extra"]
[Source "ChessBase"]
[SourceDate "2010.05.04"]
[SourceVersion "1"]
[SourceVersionDate "2010.05.04"]
[SourceQuality "1"]

1. e4 d5 2. exd5 Nf6 3. Bb5+ Bd7 4. Be2 Nxd5 5. d4 Bf5 6. c4 Nb4 7. Na3 e6 8. Nf3 Be7 9. 0-0 0-0 10. Bd2 N4c6 11. Bc3 Bxa3 12. bxa3 Nd7 13. Qb3 Rb8 14. Rad1 Re8 15. Rfe1 Ne7 16. Qb2 f6 17. Nh4 Nb6 18. Nxf5 Nxf5 19. Qc2 c6 20. Bd3 Qc8 21. a4 Nd7 22. Rb1 h6 23. h3 Nd6 24. Re3 e5 25. Rbe1 exd4 26. Bxd4 Rxe3 27. Rxe3 c5 28. Bb2 Qf8 29. Bg6 Nf7 30. Qe2 Nde5 31. Bb1 Rd8 32. f4 Nc6 33. Re6 Nd6 34. Qh5 Qf7 35. Qd5 Ne8 36. Qe4 Nc7 37. Qh7+ Kf8 38. Re1 Qg8 39. Qg6 Qf7 40. Qh7 Qg8 41. Qg6 Qf7 42. Qg3 Qxc4 43. Bg6 Ne7 44. f5 Ncd5 45. Rc1 Qf4 46. Qxf4 Nxf4 47. Rxc5 Nfxg6 48. fxg6 Rd1+ 49. Kh2 Rd2 50. Ba3 Ke8 51. Rc7 Rd7 52. Rc2 Nxg6 53. a5 a6 54. Bc5 Nf4 55. Kg3 Nd3 56. Re2+ Kf7 57. Bg1 Nb4 58. Rb2 Nc6 59. Bb6 Rd3+ 60. Kf4 Ra3 61. Bc7 Nxa5 62. Bxa5 Rxa5 63. Rxb7+ Kg6 64. Rb2 Ra4+ 65. Kf3 Kg5 66. Rc2 g6 67. g3 f5 68. Rd2 Ra3+ 69. Kg2 h5 70. h4+ Kf6 71. Rd6+ Kf7 72. Rd2 g5 73. hxg5 Kg6 74. Rb2 Kxg5 75. Rc2 Ra4 76. Kh3 h4 77. gxh4+ Rxh4+ 78. Kg3 Ra4 79. Kf3 Ra3+ 80. Kg2 Kg4 81. Rc4+ f4 82. Rc2 Ra5 83. Rd2 Kf5 84. Rc2 Ke4 85. Rc4+ Ke5 86. Rc3 Kd4 87. Rc2 Kd3 88. Rb2 Re5 89. Kf3 1/2-1/2

[Event "Kouty nad Desnou op-A"]
[Site "Kouty nad Desnou"]
[Date "2010.03.07"]
[Round "2"]
[White "Dolezal, Radoslav"]
[Black "Srejber, Michal"]
[Result "1/2-1/2"]
[WhiteElo "2402"]
[BlackElo "2114"]
[PlyCount "240"]
[EventDate "2010.03.06"]
[EventType "swiss"]
[EventRounds "9"]
[EventCountry "CZE"]
[SourceTitle "CBM 135 Extra"]
[Source "ChessBase"]
[SourceDate "2010.05.04"]
[SourceVersion "1"]
[SourceVersionDate "2010.05.04"]
[SourceQuality "1"]

1. e4 c5 2. c3 Nf6 3. e5 Nd5 4. d4 cxd4 5. cxd4 Nc6 6. Nf3 d6 7. exd6 Qxd6 8. Be2 g6 9. 0-0 Bg7 10. Nc3 0-0 11. Nxd5 Qxd5 12. Be3 Rd8 13. Qd2 Nxd4 14. Nxd4 Bxd4 15. Rfd1 e5 16. Bxd4 exd4 17. Bf3 Qb5 18. a4 Qb6 19. a5 Qb5 20. a6 Rb8 21. axb7 Bxb7 22. Rxa7 Bxf3 23. gxf3 Qb6 24. Ra4 Qf6 25. Rxd4 Rxd4 26. Qxd4 Qxf3 27. Rd3 Qf5 28. h4 h5 29. b3 Re8 30. Re3 Rc8 31. Kg2 Qb5 32. Rf3 Qb7 33. Kg3 Re8 34. Re3 Qb8+ 35. Kg2 Qa8+ 36. Rf3 Re4 37. Qf6 Qd5 38. Kh3 Rg4 39. Kh2 Rb4 40. Kg3 Rxb3 41. Rxb3 Qxb3+ 42. f3 Qb8+ 43. Kh3 Qc7 44. Kg2 Qd7 45. Kg3 Qe8 46. Kg2 Qf8 47. Kg3 Qg7 48. Qd8+ Kh7 49. Qe7 f6 50. Qe6 Qc7+ 51. Kh3 Kg7 52. Qe4 Qd7+ 53. Kg3 Kf7 54. Qc4+ Qe6 55. Qc7+ Qe7 56. Qc4+ Kg7 57. Kh3 Qe5 58. Qc6 Qf5+ 59. Kg3 Kf7 60. Qc7+ Ke6 61. Qc6+ Ke7 62. Qb7+ Qd7 63. Qe4+ Kf7 64. Qc4+ Kg7 65. Qe4 g5 66. hxg5 fxg5 67. Qe5+ Kg6 68. Qe4+ Kh6 69. Qe2 Qd6+ 70. Kh3 h4 71. Qe1 Qd7+ 72. Kg2 Kh5 73. Qe5 Qc8 74. Qe4 Kh6 75. Qe5 Qc6 76. Qh8+ Kg6 77. Qg8+ Kf5 78. Qf7+ Qf6 79. Qd5+ Kg6 80. Qg8+ Kh6 81. Qd5 Qb2+ 82. Kh3 Qe2 83. Qf5 Qf1+ 84. Kh2 Qf2+ 85. Kh1 Qe1+ 86. Kg2 Qd2+ 87. Kh3 Kg7 88. Qe5+ Kf7 89. Qf5+ Ke8 90. Qe6+ Kd8 91. Qf6+ Kc7 92. Qe5+ Kc6 93. Qe6+ Kc5 94. Qe5+ Kc4 95. Qe4+ Kc3 96. Qc6+ Kb2 97. Qc4 Qe3 98. Kg2 Qe5 99. Qb4+ Kc1 100. Qc4+ Kd2 101. Qa2+ Kd3 102. Qb3+ Kd4 103. Qb4+ Ke3 104. Qb3+ Kf4 105. Qc4+ Ke3 106. Qb3+ Kd2 107. Qa2+ Kc1 108. Qc4+ Kd2 109. Qa2+ Kd3 110. Qb3+ Kd4 111. Qb4+ Kd5 112. Qb5+ Ke6 113. Qe8+ Kf6 114. Qf8+ Kg6 115. Qg8+ Kh6 116. Qf8+ Qg7 117. Qd6+ Kh5 118. Qe6 Qc7 119. Qg4+ Kh6 120. Qe6+ Kh7 1/2-1/2

[Event "CZE-chTW U20 0910"]
[Site "Czech Republic"]
[Date "2010.01.23"]
[Round "6.1"]
[White "Srejber, Michal"]
[Black "Klecker, Tadeas"]
[Result "1/2-1/2"]
[WhiteElo "2144"]
[BlackElo "2147"]
[PlyCount "142"]
[EventDate "2009.10.03"]
[EventType "team-tourn"]
[EventRounds "7"]
[EventCountry "CZE"]
[SourceTitle "EXT 2011"]
[Source "ChessBase"]
[SourceDate "2010.11.26"]
[SourceVersion "1"]
[SourceVersionDate "2010.11.26"]
[SourceQuality "1"]
[WhiteTeam "Horice (U20)"]
[BlackTeam "Praha Oaza (U20)"]
[WhiteTeamCountry "CZE"]
[BlackTeamCountry "CZE"]

1. e4 d6 2. d4 e5 3. Nf3 Nc6 4. Nc3 exd4 5. Nxd4 Nf6 6. Bf4 Be7 7. Qd2 0-0 8. 0-0-0 Nxd4 9. Qxd4 Be6 10. f3 Nd7 11. g4 Bg5 12. Bxg5 Qxg5+ 13. Kb1 Qc5 14. Qd2 Ne5 15. f4 Nxg4 16. f5 Bd7 17. Qg5 Ne3 18. Rg1 g6 19. Re1 Nxf1 20. Rexf1 Qe5 21. Nd5 Kg7 22. f6+ Kh8 23. Qh6 Rg8 24. Ne7 Qxe4 25. Re1 Qd4 26. Rxg6 fxg6 27. Nxg8 Rxg8 28. f7 Qf6 29. fxg8Q+ Kxg8 30. Qe3 Kf7 31. Qb3+ Kg7 32. Qxb7 Qf2 33. Rh1 Qc5 34. Rc1 Bf5 35. a3 a5 36. Qa8 d5 37. h4 d4 38. Qf3 Qc4 39. Qf4 Qc5 40. Ka1 Be6 41. Rf1 Bf5 42. h5 Qd6 43. h6+ Kf6 44. Qh4+ g5 45. Qf2 Qe5 46. Qd2 a4 47. Qb4 Kg6 48. Qxa4 Kxh6 49. Qc6+ Kg7 50. a4 h5 51. Qf3 Kg6 52. Qc6+ Kg7 53. Rxf5 Qxf5 54. Qxc7+ Kg6 55. a5 g4 56. b4 h4 57. Qc6+ Qf6 58. Qe4+ Kg5 59. Ka2 g3 60. b5 Qf7+ 61. Kb2 h3 62. Qe5+ Kg4 63. Qxd4+ Qf4 64. Qxf4+ Kxf4 65. b6 g2 66. b7 g1Q 67. b8Q+ Kf3 68. Qb7+ Ke2 69. Qb5+ Kf3 70. a6 h2 71. Qb7+ Kf2 1/2-1/2

[Event "CZE-chT2C 0910"]
[Site "Czech Republic"]
[Date "2009.11.22"]
[Round "3.3"]
[White "Balacek, Tadeas"]
[Black "Srejber, Michal"]
[Result "1/2-1/2"]
[WhiteElo "2133"]
[BlackElo "2144"]
[PlyCount "228"]
[EventDate "2009.10.18"]
[EventType "team-tourn"]
[EventRounds "11"]
[EventCountry "CZE"]
[SourceTitle "EXT 2011"]
[Source "ChessBase"]
[SourceDate "2010.11.26"]
[SourceVersion "1"]
[SourceVersionDate "2010.11.26"]
[SourceQuality "1"]
[WhiteTeam "Kolin"]
[BlackTeam "Lipa"]
[WhiteTeamCountry "CZE"]
[BlackTeamCountry "CZE"]

1. d4 Nf6 2. Nf3 c5 3. e3 g6 4. c4 Bg7 5. b3 0-0 6. Bb2 cxd4 7. exd4 d5 8. Bd3 Nc6 9. Nbd2 Qc7 10. 0-0 Rd8 11. Qe2 Ng4 12. cxd5 Rxd5 13. Rac1 Rh5 14. h3 Nf6 15. Ne5 Nd5 16. Qf3 Be6 17. g4 Rh6 18. Qg3 f6 19. Nxc6 Qxg3+ 20. fxg3 Rxh3 21. Nxe7+ Nxe7 22. Kg2 Rh6 23. Bc4 Bd5+ 24. Nf3 Bf8 25. Rce1 a6 26. Ba3 b5 27. Bxe7 bxc4 28. Bxf8 Rxf8 29. bxc4 Bxc4 30. Rf2 f5 31. g5 Rh5 32. Re5 Rd8 33. Rc2 Bd5 34. Rc7 Bxa2 35. Ree7 Bd5 36. Rg7+ Kf8 37. Rxh7 Rxh7 38. Rxh7 Kg8 39. Ra7 Rb8 40. Rxa6 Rb2+ 41. Kg1 Bxf3 42. Rxg6+ Kh7 43. Rf6 Be4 44. d5 Rg2+ 45. Kf1 Rxg3 46. Rh6+ Kg7 47. d6 Kf7 48. Rf6+ Ke8 49. g6 Rg4 50. Kf2 Bc2 51. Ke3 Kd7 52. Kf3 Rg1 53. Kf4 Rg4+ 54. Kf3 Bd1+ 55. Ke3 Bb3 56. Rxf5 Kxd6 57. Rf6+ Ke5 58. Rc6 Bd5 59. Ra6 Rg3+ 60. Kf2 Rg2+ 61. Ke3 Be6 62. Ra5+ Kf6 63. Kf4 Rxg6 64. Ra6 Rg4+ 65. Kf3 Rb4 66. Ra5 Bf5 67. Ra3 Kg5 68. Re3 Rg4 69. Re5 Kf6 70. Re3 Rd4 71. Kg3 Be6 72. Kf3 Kf5 73. Rc3 Bd5+ 74. Ke3 Rh4 75. Kd3 Ke5 76. Ke3 Re4+ 77. Kd3 Kd6 78. Rc8 Rh4 79. Re8 Bc4+ 80. Ke3 Be6 81. Rf8 Ke5 82. Rf3 Ra4 83. Rg3 Bg4 84. Kd2 Kf4 85. Rc3 Bf5 86. Rb3 Rc4 87. Rc3 Rd4+ 88. Kc1 Rb4 89. Ra3 Ke4 90. Ra5 Be6 91. Kc2 Kd4 92. Rh5 Bd5 93. Rh3 Be4+ 94. Kc1 Rb5 95. Ra3 Bd3 96. Ra4+ Ke3 97. Ra1 Rb4 98. Kd1 Rc4 99. Ra3 Rb4 100. Ra1 Rb2 101. Kc1 Rb3 102. Kd1 Rc3 103. Ra2 Bc4 104. Ra1 Bb3+ 105. Ke1 Rc7 106. Kf1 Kf3 107. Ke1 Rd7 108. Rc1 Rd3 109. Rb1 Ke3 110. Kf1 Bd5 111. Rc1 Be4 112. Ra1 Rd2 113. Rc1 Bd3+ 114. Kg1 Kf4 1/2-1/2